| 000 | 00558nam a22001817a 4500 | ||
|---|---|---|---|
| 005 | 20231117143117.0 | ||
| 008 | 231117b |||||||| |||| 00| 0 eng d | ||
| 020 | _a9780702184758 | ||
| 041 | _aEnglish | ||
| 082 | _a343.4 CRO | ||
| 100 |
_aCroome, B and Olivier L _lEnglish |
||
| 245 |
_aTax Administration / _cB Croome and L Olivier |
||
| 250 | _aFirst Edition | ||
| 260 |
_aCape Town : _bJuta and Company Ltd, _c2010 |
||
| 300 |
_bxxxiv, 429 pages ; _c25,5 cm. |
||
| 650 |
_aLegal practice _bLaw |
||
| 942 |
_cBK _6ALISON_BN_VRIES |
||
| 999 |
_c776 _d776 |
||